Thực hành thiết kế trang Web với Microsoft Frontpage 2000

Nội dung hưàng dẫn sử dụng chương trình Fronpage 2000 để thiết kế các trang Web, Web site từ cơ bản đến nâng cao.

Uloženo v:
Podrobná bibliografie
Hlavní autor: Nguyễn Văn Dũng
Médium: Kniha
Jazyk:Undetermined
Vydáno: Hà Nội Giáo Dục 2000
Témata:
Tagy: Přidat tag
Žádné tagy, Buďte první, kdo otaguje tento záznam!
Thư viện lưu trữ: Trung tâm Học liệu Trường Đại học Cần Thơ
LEADER 00823nam a2200181Ia 4500
001 CTU_36870
008 210402s9999 xx 000 0 und d
082 |a 005.13 
082 |b D513 
100 |a Nguyễn Văn Dũng 
245 0 |a Thực hành thiết kế trang Web với Microsoft Frontpage 2000 
245 0 |c Nguyễn Văn Dũng, Hoàng Đức Hải, Nguyễn Trường Sinh 
260 |a Hà Nội 
260 |b Giáo Dục 
260 |c 2000 
520 |a Nội dung hưàng dẫn sử dụng chương trình Fronpage 2000 để thiết kế các trang Web, Web site từ cơ bản đến nâng cao. 
650 |a microsoft frontpage ( computer programs ),world wide web ( information retrieval system ) 
980 |a Trung tâm Học liệu Trường Đại học Cần Thơ